Molecular genetic techniques for plant genetic resources
Contens: Techiniques for the analysis, characterization and conservation of plant genetic resources; analysis, management and exchange of molecular data; techonology transfer and appication in development countries.
Sparad:
| Materialtyp: | Bok |
|---|---|
| Språk: | Undetermined |
| Publicerad: |
Italy
IPGRI
1997
|
| Ämnen: | |
| Taggar: |
Lägg till en tagg
Inga taggar, Lägg till första taggen!
|
| Thư viện lưu trữ: | Trung tâm Học liệu Trường Đại học Cần Thơ |
|---|
| LEADER | 00769nam a2200181Ia 4500 | ||
|---|---|---|---|
| 001 | CTU_138352 | ||
| 008 | 210402s9999 xx 000 0 und d | ||
| 082 | |a 581.3 | ||
| 082 | |b M718 | ||
| 245 | 0 | |a Molecular genetic techniques for plant genetic resources | |
| 245 | 0 | |c W.G.Ayad ... [et al.] | |
| 260 | |a Italy | ||
| 260 | |b IPGRI | ||
| 260 | |c 1997 | ||
| 520 | |a Contens: Techiniques for the analysis, characterization and conservation of plant genetic resources; analysis, management and exchange of molecular data; techonology transfer and appication in development countries. | ||
| 650 | |a Plant genetics,Plant molecular biology,Di truyền cây trồng,Mô thực vật | ||
| 904 | |i Tuyến | ||
| 980 | |a Trung tâm Học liệu Trường Đại học Cần Thơ | ||